| 000 | 00667nam a2200217 i 4500 | ||
|---|---|---|---|
| 001 | 183042 | ||
| 003 | ES-MaACL | ||
| 005 | 20250514193756.0 | ||
| 008 | 140114s2013 sp | |||||||| | spa d | ||
| 020 | _a978-84-8359-249-6 | ||
| 080 | _a821.134.2-14"19" | ||
| 100 | 1 |
_aHernández, Antonio, _d1943-2024 _962787 |
|
| 245 | 1 | 0 |
_aNueva York después de muerto / _cAntonio Hernández. |
| 260 |
_aMadrid : _bCalambur, _c2013. |
||
| 300 |
_a134 p. ; _c23 cm. |
||
| 490 | 1 |
_aPoesía ; _v134 |
|
| 830 | 0 |
_aPoesía ; _v134 _9177794 |
|
| 852 |
_aES-MaACL _jA-12982 _9189975 _bR.149824 _cDEPO1 _dOlim: N-5982 |
||
| 942 |
_2udc _cMONOGRAFIA |
||
| 999 |
_c183042 _d183042 |
||